000 00802nam a22002297a 4500
999 _c162129
_d162129
005 20190813152554.0
010 _a1819CHEN B-719259-279
020 _a9780141378206
_c399.00
035 _aB-719259-279
035 _aB-728582
037 _bBlueberry
082 _aS
100 _aKinney, Jeff
245 _aDiary of a wimpy kid: the meltdown /
_cby Jeff Kinney
260 _aLondon
_bPuffin Books
_c2018
270 _aPenguin Random House Children's 80 Strand
_bLondon
_eWC2R ORL
300 _a217p.:
_c20cm(Hb)
_bill.
500 _aAirport
942 _2ddc
_cCH
_mKIN
_hS